Писатель-инспектор (Запись № 1011992)

Подробности
000 -МАРКЕР
контрольное поле 01531nam0a2200361 4500
001 - ИДЕНТИФИКАТОР ЗАПИСИ
контрольное поле RU\NLR\bibl\1086062
005 - ИДЕНТИФИКАТОР ВЕРСИИ
контрольное поле 20260406153358.0
010 ## - МЕЖДУНАРОДНЫЙ СТАНДАРТНЫЙ НОМЕР КНИГИ (ISBN)
Номер (ISBN) 5-86793-512-4
Тираж 1500
021 ## - НОМЕР ГОСУДАРСТВЕННОЙ РЕГИСТРАЦИИ
Код страны Российская Федерация
Номер 2007-23097
Номер Листа государственной регистраци 1222
035 ## - ДРУГИЕ СИСТЕМНЫЕ НОМЕРА
Идентификатор записи (NLR Aleph) 001073224
100 ## - ДАННЫЕ ОБЩЕЙ ОБРАБОТКИ
Данные общей обработки 20070515d2007 |||y0rusy50 ca
101 0# - ЯЗЫК РЕСУРСА
Язык текста, звукозаписи и т.д. русский
102 ## - СТРАНА ПУБЛИКАЦИИ ИЛИ ПРОИЗВОДСТВА
Страна публикации Российская Федерация
105 ## - ПОЛЕ КОДИРОВАННЫХ ДАННЫХ: ТЕКСТОВЫЕ МАТЕРИАЛЫ, МОНОГРАФИЧЕСКИЕ
Кодированные данные о монографическом текстовом документе y |||||||||
200 1# - ЗАГЛАВИЕ И СВЕДЕНИЯ ОБ ОТВЕТСТВЕННОСТИ
Основное заглавие Писатель-инспектор
Сведения, относящиеся к заглавию Федор Сологуб и Ф.К. Тетерников
Первые сведения об ответственности М. Павлова
210 ## - ПУБЛИКАЦИЯ, РАСПРОСТРАНЕНИЕ И ДР.
Место издания, распространения и т.д. Москва
Имя издателя, распространителя и т. д. Новое литературное обозрение
Дата издания, распространения и т.д. 2007
215 ## - ФИЗИЧЕСКАЯ ХАРАКТЕРИСТИКА
Специфическое обозначение материала и объем 510, [1] с.
Размеры 22
225 1# - СЕРИЯ
Основное заглавие серии Научная библиотека
225 1# - СЕРИЯ
Основное заглавие серии Новое литературное обозрение
Наименование части Научное приложение
Обозначение тома вып. 61
320 ## - ПРИМЕЧАНИЯ О НАЛИЧИИ В ДОКУМЕНТЕ БИБЛИОГРАФИИ / УКАЗАТЕЛЯ
Текст примечания Библиогр. в подстроч. прим.
320 ## - ПРИМЕЧАНИЯ О НАЛИЧИИ В ДОКУМЕНТЕ БИБЛИОГРАФИИ / УКАЗАТЕЛЯ
Текст примечания Указ. имен: с. 502-510
600 #1 - ИМЯ ЛИЦА КАК ПРЕДМЕТ
Начальный элемент ввода Сологуб
Часть имени, кроме начального элемента ввода Ф.К.
Даты 1863 - 1927
Расширение инициалов личного имени Федор Кузьмич
Системный номер авторитетной/нормативной записи 1536905
Идентификатор авторитетной/нормативной записи RU\NLR\auth\66971052
686 ## - ИНДЕКСЫ ДРУГИХ КЛАССИФИКАЦИЙ
Индекс Ш5(2=Р)53-4Сологуб
700 #1 - ИМЯ ЛИЦА - ПЕРВИЧНАЯ ОТВЕТСТВЕННОСТЬ
Код отношения Автор
Материалы, к которым относится поле rus
Графика поля Кириллица
Начальный элемент ввода Павлова
Часть имени, кроме начального элемента ввода М. М.
Дополнения к именам, кроме дат д-р филол. наук
Даты 1957-
Расширение инициалов личного имени Маргарита Михайловна
Идентификатор авторитетной/нормативной записи RU\NLR\auth\7758034
Системный номер авторитетной/нормативной записи 40966
702 #1 - ИМЯ ЛИЦА - ВТОРИЧНАЯ ОТВЕТСТВЕННОСТЬ
Код отношения Прочие
Материалы, к которым относится поле rus
Графика поля Кириллица
Начальный элемент ввода Сологуб
Часть имени, кроме начального элемента ввода Ф. К.
Даты 1863-1927
Расширение инициалов личного имени Федор Кузьмич
Идентификатор авторитетной/нормативной записи RU\NLR\auth\776350
Системный номер авторитетной/нормативной записи 116304
801 #0 - ИСТОЧНИК ЗАПИСИ
Страна Российская Федерация
Организация NLR
Дата составления 20070515
Правила каталогизации RCR
801 #1 - ИСТОЧНИК ЗАПИСИ
Страна Российская Федерация
Организация NLR
Дата составления 20070515
942 ## - ДОПОЛНИТЕЛЬНЫЕ ЭЛЕМЕНТЫ ЗАПИСИ (АБИС)
Тип экземпляра АБИС Книга
980 ## - КОЛЛЕКЦИЯ
Название коллекции Национальная библиография
Экземпляры
Тип экземпляра Дата поступления Источник поступления Библиотека постоянного хранения Библиотека текущего хранения Место хранения Шифр хранения Штрих-код Статус экземпляра Стоимость
Книга 15.05.2007 Обязательный экземпляр РНБ (Московский) РНБ (Московский) Русский книжный фонд: издания с 1957 года 2007-5/4461 1-535352    
Книга 15.05.2007 Обязательный экземпляр РНБ (Московский) РНБ (Московский) Русский книжный фонд: издания с 1957 года 2007-5/4461 1-370472    
Книга 28.05.2007 Покупка РНБ (Московский) РНБ (Московский) Фонд общего зала литературы по филологии, педагогике и искусству (гуманитарной литературы) Л1 Ш5(2=Р)5-4/С-603-П 1-325401   293.00
Книга 28.05.2007 Покупка РНБ (Садовая) РНБ (Садовая) Универсальный читальный зал У Ш5(2=Р)5/С-603п 1-134868   293.00
Книга 06.03.2019 Покупка РНБ (Садовая) РНБ (Садовая) Фонд международного книгообмена   1-2085836 Доставлен в Фoнд 293.00